La normativa posesoria de liquidacin̤ y su generalizacin̤

Bibliographic Details
Main Author: Lacruz Mantecn̤, Miguel L
Format: Unknown
Language:Spanish
Published: Madrid : Dykinson, 2005
Subjects:
Online Access:Acceso restringido

MARC

LEADER 00000ny a22000003n 4500
005 20110621120116.0
006 m u
007 cr cn|||||||||
008 200606r2005 sp |||||s|||||||||||spa d
020 |a 9788497726504 
035 |a 1269 
040 |a FlNmELB  |c FlNmELB  |d vlex 
050 1 4 |a JC571  |b L149 2005eb 
080 |a 347 
090 |c 1294  |d 1294 
100 1 |a Lacruz Mantecn̤, Miguel L 
245 1 3 |a La normativa posesoria de liquidacin̤ y su generalizacin̤  |h [Recurso electrn̤ico]  |c Miguel L. Lacruz Mantecn̤ 
256 |a Servicio en ln̕ea 
260 |a Madrid :  |b Dykinson,  |c 2005 
300 |a 11-202 p 
506 1 |a Contenido solo disponible en los productos indicados  |d vLex Global  |d vLex Global (Academic Edition, excluding Law Schools)  |d vLex Global (U.S. Academic Edition, Law Schools)  |d vLex Global (U.S. Academic Edition, excluding Law Schools)  |d vLex Global (Academic Edition, Law Schools) 
650 0 7 |a Derecho civil  |2 Tesauro vLex 
650 0 7 |a Liquidacin̤ posesoria  |2 Tesauro vLex 
650 0 7 |a Liquidacin̤ de sociedad  |2 Tesauro vLex 
650 0 7 |a Societario  |2 Tesauro vLex 
650 0 7 |a Posesin̤  |2 Tesauro vLex 
740 0 |a vLex Libros (Servicios en ln̕ea) 
856 4 0 |u http://vlex.com/source/1269  |z Acceso restringido 
942 |c BOOK